000 00360nam a2200133Ia 4500
008 240624s9999 xx 000 0 und d
041 _aeng
082 _a332.6322 VUO
100 _aVUORENMAA TOMMI A
245 _aLIT AND DARK LIQUIDITY WITH LOST TIME DA
260 _c2014
_aNew York
_bPalgrave Macmillan
300 _axiii, 75 p.; 22 cm.
365 _cERU
_b38
999 _c29097
_d29097